| Tag |
First Indicator |
Second Indicator |
Subfields |
| LEADER |
00000cam a2200000 a 4500 |
| 001 |
in00000077609 |
| 005 |
20230925110821.0 |
| 008 |
850523t19731972nyua j 000 0 eng d |
| 010 |
|
|
|a 72090689
|
| 019 |
|
|
|a 1118876
|a 968484449
|
| 029 |
1 |
|
|a AU@
|b 000000593693
|
| 029 |
1 |
|
|a NZ1
|b 9264473
|
| 035 |
|
|
|a (OCoLC)ocm12072572
|
| 035 |
|
|
|a (OCoLC)12072572
|z (OCoLC)1118876
|z (OCoLC)968484449
|
| 035 |
|
|
|a (OCoLC)ocm12072572
|
| 040 |
|
|
|a OWR
|b eng
|c OWR
|d OCL
|d OCLCQ
|d OCLCG
|d UBC
|d RDS
|d BAKER
|d NZWSL
|d OCLCQ
|d OCLCF
|d OCLCO
|d OCLCQ
|d OCLCO
|d OCLCA
|d OCLCQ
|d ALBPS
|d OCLCQ
|d OCLCO
|
| 043 |
|
|
|a n-gl---
|
| 050 |
0 |
4 |
|a DL314
|b B473
|
| 082 |
0 |
4 |
|a 919.82
|b BER
|
| 100 |
1 |
|
|a Berg, Karin.
|
| 245 |
1 |
0 |
|a Greenland through the year /
|c Karin and Hans Berg.
|
| 260 |
|
|
|a New York :
|b Scroll Press,
|c [1973, ©1972]
|
| 300 |
|
|
|a 24 unnumbered pages :
|b color illustrations ;
|c 22 x 28 cm
|
| 336 |
|
|
|a text
|b txt
|2 rdacontent
|
| 337 |
|
|
|a unmediated
|b n
|2 rdamedia
|
| 338 |
|
|
|a volume
|b nc
|2 rdacarrier
|
| 520 |
|
|
|a Brief text and illustrations describe how the changing seasons affect the people and animals of a small village in Greenland.
|
| 651 |
|
0 |
|a Greenland
|x Description and travel
|v Juvenile literature.
|
| 651 |
|
1 |
|a Greenland
|
| 650 |
|
7 |
|a Travel.
|2 fast
|0 (OCoLC)fst01155558
|
| 651 |
|
7 |
|a Greenland.
|2 fast
|0 (OCoLC)fst01205290
|
| 655 |
|
7 |
|a Juvenile works.
|2 fast
|0 (OCoLC)fst01411637
|
| 700 |
1 |
|
|a Berg, Hans,
|d 1939-
|
| 938 |
|
|
|a Baker & Taylor
|b BKTY
|c 7.95
|d 12.90
|i 0875920233
|n 0000694167
|s active
|
| 948 |
|
|
|h HELD BY TXA - 86 OTHER HOLDINGS
|
| 994 |
|
|
|a Z0
|b TXA
|
| 999 |
f |
f |
|s 7e47caa6-edcc-3690-a438-cb01f243fa5a
|i 34d2238f-7f15-3215-af7e-3e66116d2573
|t 0
|
| 952 |
f |
f |
|p ric
|a Texas A&M University
|b Rellis Campus
|c Joint Library Facility
|s JLF
|d Remote Storage
|t 0
|e G743 .B47
|h Library of Congress classification
|i unmediated -- volume
|m A14806054258
|